Touch me not #4 / Betty Rowlands.
Available copies
- 1 of 1 copy available at LARL/NWRL Consortium.
Current holds
0 current holds with 1 total copy.
Show All Copies
| Location | Call Number / Copy Notes | Barcode | Shelving Location | Status | Due Date |
|---|---|---|---|---|---|
| Greenbush Public Library | ROW (Text) | 35500003030275 | Main | Available | - |
Record details
- ISBN: 0727856022
- Physical Description: 218 p. ; 23 cm.
- Edition: 1st world ed.
- Publisher: New York : Severn House Publishers, 2001.
Search for related items by subject
| Subject: | Women detectives > Fiction. |
| Genre: | Mystery fiction. |
Search for related items by series
| LDR | 00689nam a2200205 a 4500 | ||
|---|---|---|---|
| 001 | 35744 | ||
| 003 | LARL_NWRL_CONSORTIUM | ||
| 008 | 010803s2001 nyu 000 1 eng d | ||
| 020 | . | ‡a0727856022 | |
| 092 | . | ‡aROW | |
| 100 | 1 | . | ‡aRowlands, Betty. ‡0(LARL_NWRL_CONSORTIUM)102713 |
| 245 | 1 | 0. | ‡aTouch me not ‡n#4 / ‡cBetty Rowlands. |
| 250 | . | ‡a1st world ed. | |
| 260 | . | ‡aNew York : ‡bSevern House Publishers, ‡c2001. | |
| 300 | . | ‡a218 p. ; ‡c23 cm. | |
| 490 | 0 | . | ‡aSukey Reynolds ; ‡v4 |
| 650 | 0. | ‡aWomen detectives ‡vFiction. ‡0(LARL_NWRL_CONSORTIUM)167906 | |
| 655 | 7. | ‡aMystery fiction. ‡2gsafd | |
| 901 | . | ‡a35744 ‡bISxN ‡c35744 ‡tbiblio | |

Add to basket
Permalink
Disable Highlighting